| 000 | 00547nam a22002057a 4500 | ||
|---|---|---|---|
| 003 | OSt | ||
| 005 | 20260410122050.0 | ||
| 008 | 260410b |||||||| |||| 00| 0 eng d | ||
| 020 | _a9780143463788 | ||
| 040 | _cSBCL | ||
| 082 |
_a823 _bPAR-B |
||
| 100 | _aParakh Om,Brahmachari | ||
| 245 |
_aBhairavi _bMaha -Asura Series : Book 2 |
||
| 260 |
_aHaryana _bPenguin Random House India _c2025 |
||
| 300 | _a324 p. | ||
| 630 | _xLiterature & rhetoric | ||
| 650 | _aEnglish & Old English literatures | ||
| 650 | _aEnglish fiction | ||
| 942 | _cBOOK | ||
| 999 |
_c137911 _d137911 |
||